000 00660nam a2200205Ii 4500
003 JO-AjNU
008 230605s9999||||xx |||||||||||||| ||und||
040 _aJO-AjNU
_bara
_erda
_cJO-AjNU
041 _aara
050 1 4 _aK1530.S2238.2007
100 3 _a صادق ، هشام ,
_eauthor
_931314
245 0 0 _aعقود التجارة الدولية 2007
250 _a(د،ط)
264 3 1 _aالاسكندرية : دار المطبوعات الجامعية ، 2007
300 _a1125ص
336 _atext
_btxt
_2rdacontent
337 _aunmediated
_bn
_2rdamedia
338 _avolume
_bnc
_2rdacarrier
650 4 _aتجارة دولية -- عقود
_931315
999 _aA12513
_c16081
_d16081